Kórejský gigant na Slovensku
Vstup automobilky Hyundai s dcérskou spoločnosťou Kia Motors na Slovensko. Štátna pomoc pri projekte Hyundai/Kia. Celková pracovná sila v automobilovom priemysle. Priemerná mzda na Slovensku. Mzdy na Slovensku po vstupe do EÚ.
Gespeichert in:
| 1. Verfasser: | |
|---|---|
| Format: | Buchkapitel |
| Sprache: | Slowakisch |
| Schlagworte: | |
| Tags: |
Keine Tags, Fügen Sie das erste Tag hinzu!
|
MARC
| LEADER | 00000naa$a2200000$$$4500 | ||
|---|---|---|---|
| 001 | 0007642 | ||
| 005 | 20230926070324.0 | ||
| 041 | 0 | |a slo | |
| 044 | |a SK | ||
| 245 | 1 | 0 | |a Kórejský gigant na Slovensku |c aut. Tibor Bucha |
| 520 | |a Vstup automobilky Hyundai s dcérskou spoločnosťou Kia Motors na Slovensko. Štátna pomoc pri projekte Hyundai/Kia. Celková pracovná sila v automobilovom priemysle. Priemerná mzda na Slovensku. Mzdy na Slovensku po vstupe do EÚ. | ||
| 610 | 2 | 0 | |a priemysel automobilový |
| 610 | 2 | 0 | |a automobily |
| 610 | 2 | 0 | |a produkcia |
| 610 | 2 | 0 | |a Slovensko |
| 610 | 2 | 0 | |a sily pracovné |
| 610 | 2 | 0 | |a pomoc štátna |
| 610 | 2 | 0 | |a Kórea |
| 610 | 2 | 0 | |a Hyundai |
| 610 | 2 | 0 | |a Kia Motors |
| 100 | 1 | |a Bucha, Tibor | |